Property Report (Record no. 84219)
[ view plain ]
| 000 -LEADER | |
|---|---|
| fixed length control field | 01313cad a22002055a 4500 |
| 001 - CONTROL NUMBER | |
| control field | L156978 |
| 008 - FIXED-LENGTH DATA ELEMENTS--GENERAL INFORMATION | |
| fixed length control field | 120803s2012 xxk 000 0 eng d |
| 035 ## - SYSTEM CONTROL NUMBER | |
| System control number | (Sirsi) u156978 |
| 041 0# - LANGUAGE CODE | |
| Language code of text/sound track or separate title | eng |
| 110 2# - MAIN ENTRY--CORPORATE NAME | |
| Corporate name or jurisdiction name as entry element | BNP Paribas Real Estate |
| 9 (RLIN) | 5715 |
| 245 00 - TITLE STATEMENT | |
| Title | Property Report |
| Remainder of title | investment in Western Europe - Q2 2012 |
| 260 ## - PUBLICATION, DISTRIBUTION, ETC. | |
| Place of publication, distribution, etc. | [S.l.] |
| Name of publisher, distributor, etc. | BNP Paribas |
| Date of publication, distribution, etc. | 2012 |
| 490 ## - SERIES STATEMENT | |
| Series statement | BNP Paribas Property Report Investment in Western Europe |
| Volume/sequential designation | July 2012 |
| 520 ## - SUMMARY, ETC. | |
| Summary, etc. | As the Eurozone crisis intensified the decline was slower than anticipated. The total investment volume in Western Europe in Q2 2012 was down 6% on Q2 2011. Risk aversion remains the driving force for investors who stay focused on the less "Eurozone crisis" exposed markets. Investment in retail has slumped to Euros 4.6bn. Office investment constitutes more than half of the total commercial real estate investment volume in Q2 2012. Prime yields have stabilised at a low level and increases are more likely to happen in the riskier markets. |
| 590 ## - LOCAL NOTE (RLIN) | |
| Local note | KA NTK |
| 651 #4 - SUBJECT ADDED ENTRY--GEOGRAPHIC NAME | |
| Geographic name | Europe |
| 690 ## - LOCAL SUBJECT ADDED ENTRY--TOPICAL TERM (OCLC, RLIN) | |
| Topical term or geographic name as entry element | Commercial property |
| 9 (RLIN) | 6227 |
| 856 40 - ELECTRONIC LOCATION AND ACCESS | |
| Uniform Resource Identifier | <a href="https://www.realestate.bnpparibas.com/bnppre/overview-large-transactions-sustain-volumes-in-key-cities-july-2012-p_1551400">https://www.realestate.bnpparibas.com/bnppre/overview-large-transactions-sustain-volumes-in-key-cities-july-2012-p_1551400</a> |
| Public note | View the report after creating an account (free) at www.realestate.bnpparibas.com |
| 942 ## - ADDED ENTRY ELEMENTS (KOHA) | |
| Suppress in OPAC | 0 |
| Withdrawn status | Lost status | Source of classification or shelving scheme | Damaged status | Not for loan | Home library | Current library | Shelving location | Date acquired | Total Checkouts | Full call number | Barcode | Date last seen | Copy number | Price effective from | Koha item type |
|---|---|---|---|---|---|---|---|---|---|---|---|---|---|---|---|
| Dewey Decimal Classification | Virtual | Virtual | Online | 03/08/2012 | ONLINE PUBLICATION | 156978-2001 | 06/08/2019 | 1 | 06/08/2019 | Book |